| 000 | 00754nam a2200253 a 4500 | ||
|---|---|---|---|
| 005 | 20180803164833.0 | ||
| 008 | 140221b1993 xxu|||||rm||| 00| 0 eng d | ||
| 040 |
_aCO-BoIAVH _cCO-BoIAVH |
||
| 041 | _aeng | ||
| 044 | _axxu | ||
| 090 |
_aTE _b0042 |
||
| 100 | 1 | _aCarrizosa Posada, Santiago | |
| 245 | 1 | 0 |
_aThe economic valuation of a high andean forest: _bthe biophysical versus the market approach |
| 260 |
_aAgustin: _bUniversity of Arizona, _c1993- |
||
| 300 | _a80 | ||
| 650 | _aValoración económica | ||
| 650 | _aBosque andino | ||
| 650 | _aMercados | ||
| 650 | _aModelos económicos | ||
| 650 | _aServicios ambientales | ||
| 650 | _aBiodiversidad | ||
| 662 | _aColombia | ||
| 942 |
_cTESIS _2z |
||
| 999 |
_c753 _d753 |
||